LEADER 00756nam a2200193 i 4500 001 000000062029 003 CaOOAMICUS 005 20200616094754.0 008 131028s1837 it u000 u ita u 013 $a33201 040 $aSeMil$bita 245 10$aFilosofia della morale. 1. 300 $aXXI, 480 p. 500 $aParte della sezione: Filosofia della morale 773 0 $aRosmini, Antonio $tOpere edite e inedite dell'abate Antonio Rosmini-Serbati roveretano.$dMilano : Tipografia e libreria Boniardi-Pogliani, 1836.$g12$w()25129 850 $aSeMil 852 $aSeMil$W1$xVenegono$y1$m2L III 22 FA$j28182$B28182$CSeMilBibl$Z2$F28185 $8I 996 $6245$aFilosofia della morale. 1$9(OLS)http://semarc/title/97596 LEADER 01275nam a2200289 i 4500 001 000000186614 003 CaOOAMICUS 005 20160329000000.0 008 160329s1975 it u000 u ita u 013 $a164665 040 $aSeMil$bita 100 1 $aRossano, Piero,$c.$0(OLS)http://semarc/name/4098 245 13$aIl problema teologico delle religioni /$cPiero Rossano ; con un'appendice di P. Knitter e F. Nietlispach sulla teologia delle religioni protestante e cattolica. 260 $aCinisello Balsamo :$bEdizioni Paoline,$c1975. 300 $a120 p. ;$c19 cm. 490 0 $aTeologia in divenire 650 4$aReligioni - Teologia.$0(OLS)http://semarc/subject/17860 700 1 $aNietlispach, Freddy.$0(OLS)http://semarc/name/68514 700 1 $aKnitter, Paul.$0(OLS)http://semarc/name/18857 830 0$aTeologia in divenire.$0(OLS)http://semarc/title/6227 850 $aSeMil 852 $aSeMil$W1$xVenegono$y1$m2D I 429$j137301$B137301$CSeMilBibl$Z2$F211246 $81 900 1 $aRossano, Pietro. 961 $aOmaggio: Altro 996 $6245$aIl problema teologico delle religioni$9(OLS)http://semarc/title/268326 996 $6260$aCinisello Balsamo :$bEdizioni Paoline$9(OLS)http://semarc/publisher/36103